| 000 | 00530cab a2200217 4500 | ||
|---|---|---|---|
| 001 | X99106 | ||
| 008 | 090401t1999 xxu||||| |||| 00| 0 eng d | ||
| 035 | _a(Sirsi) u93859 | ||
| 041 | _aeng | ||
| 245 | _aCowan v Peak Park | ||
| 260 | _c1999 | ||
| 350 | _a0 | ||
| 490 |
_aNew Property Cases _v[1999] NPC 64(3) |
||
| 650 | _aCOWAN V PEAK PARK | ||
| 650 | _aPLANNING PERMISSION | ||
| 650 | _aPRIVATE ROADS | ||
| 650 | _aTOWN PLANNING | ||
| 690 | _aPLANNING LAW AND PRACTICE-CASE LAW | ||
| 942 | _n0 | ||
| 948 | _c10/06/1999 | ||
| 999 |
_c59487 _d59487 |
||